000 00859nam a22002055i 4500
001 178660
003 ES-MaACL
005 20230906220600.0
008 110610s1971 sp |||| | spa d
080 _a616.65
100 1 _aLanda Zalbidea, Juan Ignacio.
_9147095
245 1 0 _aContribución al estudio de la fibrinosis prostática /
_cresumen de la tesis presentada para aspirar al grado de doctor en medicina por Juan Ignacio Landa Zalbidea.
260 _aBarcelona :
_bUniversidad de Barcelona, Secretariado de Publicaciones, Intercambio Científico y Extensión Universitaria :
_bIvern,
_c1971.
300 _a16 p. ;
_c24 cm.
500 _aCub. tomada como port.
504 _aBibliografía: p. 14-16.
650 0 4 _aPróstata-
_xEnfermedades.
_9147096
710 2 _aUniversidad de Barcelona.
_97141
852 _aES-MaACL
_jE-15361 (67)
_xOlim P-1374
999 _c178660
_d178660